1306 1855 1170 1176 1805 1916 1113 1869 1800 1156 1989 1795 1121 1662 1165 1582 1921 1539 1152 1867 1442 1947 1663 1102 1764 1067 1047 1200 1205 1329 1950 1844 1347 1963 1098 1458 1610 1095 1218 1735 1457 1735 1666 1673 1797 1242 1914 1617 1468 1762 1407 1106 1623 1290 1400 1825 1828 1361 1494 1364 1036 1037 1692 1210 1233 1726 1191 1658 1035 1657 1974 1292 1040 1295 1688 1826 1266 1674 1516 1118 1857 1390 1677 1863 1996 1147 2000 1772 1094 1574 1727 1507 1261 1952 1065 1527 1914 1971 1965 BCNSPRNW ULIB Ver.6.0+V

เปลี่ยนเป็นภาษาไทย

Change to English
 แสดงรายละเอียดบรรณานุกรม
  กลับหน้าหลัก

Brief Record : Get Marc (ISO 2709) : E-mail record : QR code < ปิดหน้าต่าง
LEADER : 00000nam 2200000uu 4500
001    13399121229
003     ULIB
008    121109s2547||||th 000 0 tha d
020    ^a9746563521
050  4 ^aPN^aก462พ
100 0  ^aกาญจนา แก้วเทพ
245    ^aเพศวิถี วันวาน วันนี้ และวันพรุ่งนี้ ที่จะไม่เหมือนเดิม/^cกาญจนา แก้วเทพ
250    ^aพิมพ์ครั้งแรก
260    ^aเชียงใหม่ : ศูนย์สตรีศึกษาคณะสังคมศาสตร์มหาวิทยาลัยเชีวงใหม่ ,^c2547
300    ^a359 หน้า : ภาพประกอบ^b1 เล่ม ^p250 บาท
500    ^aเพศวิถี วันวาน วันนี้และวันพรุ่งนี้ ที่จะไม่เหมือนเดิม. - - สั้นๆ เกี่ยวกับเพศวิถีมุมองสตรนิยม. - - มองอดีตที่ถูกป้าสี. - - ผจญไฟราคะ. - - ผู้หญิงไทยในจิตรกรรมสมัยอยุธยาตอนปลาย. - - สามสริระและเพศวิถี : การปับโมใหม่ของวาทกรรมเพศสภาพและเพศวิถีในยุคสังคมไทย
650    ^a1.บทบาททางเพศ
650  0 ^a2.เพศ
650  0 ^a3.สตรี
700 0  ^aพริศรา แซ่ก้วย บรรณาธิการ
913    ^aImported by ULIBM Administrator
945    ^p250^l0^i13573
949    ^aImport form external file by ULIBM system
999    ^aวิภา
รายการนี้ยังไม่มีแท็ก
คุณยังไม่ได้ล็อกอิน คุณสามารถมีกิจกรรมร่วมกับเว็บไซต์ได้ แต่ต้องล็อกอินก่อน ::
  ล็อกอิน

รายการสื่อสารสนเทศ

ลำดับที่ ประเภท เลขเรียก/บาร์โค้ด สถานที่ สถานะ
1. วิทยาศาสตร์การแพทย์ และสุขภาพ
วิทยาศาสตร์การแพทย์ และสุขภาพ
PN ก462พ  
  Barcode: 13573
ห้องสมุดวิทยาเขตสวรรค์ประชารักษ์
►หนังสือทั่วไป
บนชั้น

รายการใกล้เคียง
    ผู้แต่ง [กาญจนา แก้วเทพ]

BibComment


ยังไม่เคยถูกคอมเมนท์

คอมเมนท์ทรัพยากรรายการนี้
  คอมเมนท์: เพศวิถี วันวาน ว..


 Copyright 2026. Bcnsprnw @Library